| 000 | 00366nam a22001457a 4500 | ||
|---|---|---|---|
| 005 | 20240705141253.0 | ||
| 008 | 240705b |||||||| |||| 00| 0 eng d | ||
| 020 | _a81-204-0400-9 | ||
| 041 | _aeng | ||
| 100 | _aJAIN, N.K | ||
| 245 | _aHISTORY OF SCIENCE AND SCIENTIFIC METHODS | ||
| 260 |
_aNEW DELHI _bOXFORD & IBH PUB.CO.PVT LTD. |
||
| 300 | _a274;p | ||
| 942 | _cBK | ||
| 999 |
_c8540 _d8538 |
||